Дело о представлении авторами пьес на рассмотрение Театрально-литературного комитета

Доступно только в Электронных читальных залах Найти на картеНа карте
RUSMARC
00003751nmc2a22002413x 450
0015962ea61-a16e-4bcd-802b-cbe5bc96c4a1
00520210624031903.0
100##$a20210208l18941894k l0rusy0189 ca
1010#$arus
102##$aRU
105##$ay###
1222#$ad
2001#$aДело о представлении авторами пьес на рассмотрение Театрально-литературного комитета
$j13 января - 30 декабря 1894 г.
215##$a139 л.
$d36,5х26 см
251##$cДело
300##$aПо Санкт-Петербургской конторе Дирекции императорских театров
371##$aДокумент не является опубликованным и широко распространяемым
461#0$10019264ebf8-de62-4f1a-9eb4-9f22098dbbd5
$12001
$aДирекция императорских театров МИДв
$1251
$cФонд
$1852
$j497
462#0$1001ff15f5e8-b5fa-4fe1-bbcd-275cd0305ec2
$12001
$aДела Санкт-Петербургской конторы Дирекции императорских театров и дела Московской конторы Дирекции императорских театров
$1251
$cОпись
$1852
$j10
801#0$aRU
$bРГИА
$c20210208
$gRCR
801#1$aRU
$bГлавНИВЦ
$c20210208
$2rusmarc
801#2$aRU
$bПБ им. Б.Н. Ельцина
$c20210624
$gRCR
$2rusmarc
850##$aРГИА
852##$aРГИА
$eФедеральное казенное учреждение "Российский государственный исторический архив" (РГИА)
$j407
937##$hРГИА
$d12360400
$aASBIBLIO_SCAN
035##$aRusGRCC00021938
856##$uhttp://readingroom.main.prlib.ru/item.aspx?id_node=n165442628&mode=full
Формат отображения